[Event "Australian Open 2013"]
[Site "Cammeray AUS"]
[Date "2013.01.07"]
[Round "6.7"]
[White "Ly,Mo"]
[Black "Charles,Ga"]
[Result "1-0"]
[WhiteElo "2417"]
[BlackElo "2159"]

1.e4 c5 2.Nf3 e6 3.d4 cxd4 4.Nxd4 Nc6 5.Nc3 Qc7 6.Be3 a6 7.Bd3 b5 8.Nxc6 dxc6
9.a4 b4 10.Nb1 Nf6 11.Nd2 Be7 12.Nc4 Nd7 13.a5 Bb7 14.O-O O-O 15.f4 Nc5 16.Qh5 g6
17.Qh6 Rfd8 18.Rad1 Bf8 19.Qh4 f5 20.exf5 Nxd3 21.cxd3 exf5 22.Bb6 Qg7 23.Bxd8 Qd4+
24.Kh1 Rxd8 25.Ne5 c5 26.Qf2 Qd5 27.Qc2 Qd6 28.b3 Bd5 29.Nc4 Qc7 30.Nb6 Bc6
31.d4 Bb5 32.Rf2 Bd6 33.dxc5 Bxc5 34.Nd5 Qd6 35.Rfd2 Rf8 36.Nxb4 Qe7 37.Nd5 Qa7
38.Qc3  1-0

[Event "VII Magistral da Hebraica"]
[Site "Sao Paulo BRA"]
[Date "2013.01.09"]
[Round "5.4"]
[White "Terao,R"]
[Black "Feliciano,V"]
[Result "0-1"]
[WhiteElo "2407"]
[BlackElo "2235"]

1.e4 c5 2.Nf3 Nc6 3.Nc3 e6 4.d4 cxd4 5.Nxd4 Nf6 6.g3 Be7 7.Bg2 O-O 8.O-O d6
9.Nb3 a6 10.Kh1 Ne5 11.Qe2 Qc7 12.f4 Nc4 13.a4 Bd7 14.g4 g6 15.g5 Nh5 16.f5 Rfe8
17.f6 Bf8 18.Bf3 d5 19.Bxh5 gxh5 20.Nd2 Nxd2 21.Bxd2 d4 22.Qxh5 dxc3 23.Rf4 e5
24.Rh4 Bf5 25.g6 Bxg6 26.Rg1 Kh8 27.Qe2 cxd2 28.Qxd2 Qc6  0-1

[Event "120th ch-NZL"]
[Site "Wellington NZL"]
[Date "2013.01.09"]
[Round "10.5"]
[White "Steadman,M"]
[Black "Stuart,P"]
[Result "1-0"]
[WhiteElo "2195"]
[BlackElo "2036"]

1.e4 c5 2.Nf3 e6 3.d4 cxd4 4.Nxd4 Nc6 5.Nc3 Qc7 6.Be3 a6 7.Bd3 Nf6 8.O-O Ne5
9.f4 Neg4 10.Bd2 Bc5 11.Ne2 e5 12.fxe5 Qxe5 13.Bf4 Bxd4+ 14.Kh1 Qc5 15.Nxd4 Qxd4
16.e5 Nf2+ 17.Rxf2 Qxf2 18.exf6 d5 19.fxg7 Rg8 20.Be5 Qh4 21.Qf3 Be6 22.Qe3 Qh5
23.Re1 Qh4 24.Rf1 Qh5 25.Bf6 d4 26.Qxd4 Qd5 27.Qb4  1-0

[Event "Prague Open A 2013"]
[Site "Prague CZE"]
[Date "2013.01.10"]
[Round "2.10"]
[White "Pace,C"]
[Black "Pacher,M"]
[Result "1/2-1/2"]
[WhiteElo "2170"]
[BlackElo "2436"]

1.e4 c5 2.Nf3 e6 3.d4 cxd4 4.Nxd4 Nc6 5.Nc3 Qc7 6.Be2 Nf6 7.O-O a6 8.Be3 Bb4
9.Na4 O-O 10.Nxc6 bxc6 11.Qd4 Bd6 12.g3 Rb8 13.Qd3 Nxe4 14.Bb6 Rxb6 15.Nxb6 Qxb6
16.Qxe4 Qxb2 17.Rab1 Qxa2 18.Ra1 Qd5 19.Qxd5 cxd5 20.Bxa6 Be5 21.Ra2 Bxa6
22.Rxa6 g5 23.Rb1 Kg7 24.Rb7 d6 25.Kf1 Kg6 26.Ke2 h5 27.h3 g4 28.h4 Rc8 29.Ra2 Rc4
30.Rb3 Bc3 31.Kd3 Bd4 32.c3 Bc5 33.Rb8 Kg7 34.Re2 Ra4 35.Rbb2 Ra1 36.Ra2 Rf1
37.c4 dxc4+ 38.Kxc4 Kf6 39.Rad2 Ke7 40.Rb2 f5 41.Rb7+ Kf6 42.Rh7 Kg6 43.Rd7 e5
44.Rb2 Kf6 45.Rbb7 Rc1+ 46.Kd5 Rd1+ 47.Kc6 e4 48.Rf7+ Kg6 49.Rg7+ Kf6 50.Rgf7+ Kg6
51.Rg7+ Kf6 52.Rgf7+  1/2-1/2

[Event "116th YMCA Winter"]
[Site "Warsaw POL"]
[Date "2013.01.10"]
[Round "1"]
[White "Goslawski,M"]
[Black "Liberadzki,S"]
[Result "1-0"]
[WhiteElo "2131"]
[BlackElo "2104"]

1.e4 c5 2.Nf3 e6 3.d4 cxd4 4.Nxd4 Nc6 5.Nc3 Qc7 6.Be3 a6 7.Be2 Nf6 8.O-O Bb4
9.Nxc6 bxc6 10.Qd4 Bd6 11.f4 e5 12.Qd2 exf4 13.Bxf4 Bxf4 14.Rxf4 d5 15.exd5 cxd5
16.Raf1 Be6 17.Kh1 Rb8 18.Bxa6 Rxb2 19.Bb5+ Ke7 20.Bd3 Rhb8 21.a4 Qa5 22.Bb5 Qc7
23.Qe3 Kf8 24.Rxf6 gxf6 25.Nxd5 Bxd5 26.Qa3+ Qe7 27.Qxb2 Qe4 28.c4 Qd3 29.Qxf6 Rb7
30.cxd5  1-0

[Event "Australian Open 2013"]
[Site "Cammeray AUS"]
[Date "2013.01.11"]
[Round "9.31"]
[White "Jack,Martin"]
[Black "Setiabudi,A"]
[Result "1-0"]
[WhiteElo "1758"]
[BlackElo "1949"]

1.e4 c5 2.Nf3 e6 3.d4 cxd4 4.Nxd4 Nc6 5.Nc3 Qc7 6.Be2 a6 7.Nb3 Nf6 8.O-O Be7
9.f4 d6 10.Be3 b5 11.a3 Bb7 12.Bf3 Rc8 13.Rc1 O-O 14.Qe1 Rfe8 15.g4 Bf8 16.g5 Nd7
17.Qg3 Ne7 18.Bg4 Ba8 19.h4 Qb7 20.Qh3 Kh8 21.h5 f5 22.gxf6 Nxf6 23.Bxe6 Rxc3
24.bxc3 Qxe4 25.Nd4 Ned5 26.Bd2 Nb6 27.Rce1 Qb7 28.Nf3 Nc4 29.Ng5 Rxe6 30.Nxe6 Nxd2
31.Nxf8 Nxf1 32.Ng6+ hxg6 33.hxg6+ Kg8 34.Qe6+ Kh8 35.Qe8+ Ng8 36.Qxg8+ Kxg8
37.Re8+  1-0

[Event "38th Seville Open"]
[Site "Seville ESP"]
[Date "2013.01.11"]
[Round "1.14"]
[White "Torres Perez,F"]
[Black "Bruno,Fabi"]
[Result "0-1"]
[WhiteElo "1828"]
[BlackElo "2434"]

1.e4 c5 2.Nf3 Nc6 3.Nc3 e6 4.d4 cxd4 5.Nxd4 a6 6.Be2 Qc7 7.O-O Nf6 8.Nxc6 bxc6
9.Be3 Rb8 10.Rb1 Bd6 11.f4 e5 12.f5 Bb4 13.Bd3 h6 14.Qf3 Qa5 15.Kh1 Bc5 16.Bd2 Qc7
17.Na4 Ba7 18.c4 d6 19.Rbc1 Bd4 20.b3 c5 21.g4 Bb7 22.Nc3 Bxc3 23.Bxc3 Bc6
24.Bd2 a5 25.Rb1 Qb7 26.Rfe1 Ra8 27.Kg1 Kd7 28.Bc3 Kc7 29.Qe2 Rhg8 30.a3 g6
31.h3 gxf5 32.b4 axb4 33.axb4 Nxg4 34.bxc5 Qa7 35.Rb6 dxc5 36.Reb1 Nf6+ 37.Kh2 Nd7
38.Rxc6+ Kxc6 39.exf5 f6 40.Qe4+ Kc7 41.Be2 Rab8 42.Rd1 Kc8 43.Qd5 Rd8 44.Ra1 Qb7
45.Qe6 Ra8 46.Rb1 Qxb1 47.Qc6+ Kb8 48.Qd6+ Kb7 49.Bf3+ e4 50.Qd5+ Kc7 51.Bxe4 Ra2+
52.Kg3 Qg1+ 53.Kf4 Rf2+ 54.Bf3 Qg5+ 55.Ke4 Re8+  0-1

[Event "Australian Open 2013"]
[Site "Cammeray AUS"]
[Date "2013.01.12"]
[Round "10.2"]
[White "Ly,Mo"]
[Black "Johansen,D"]
[Result "1-0"]
[WhiteElo "2417"]
[BlackElo "2441"]

1.e4 c5 2.Nf3 e6 3.d4 cxd4 4.Nxd4 Nc6 5.Nc3 a6 6.Be3 Nge7 7.Nb3 b5 8.a4 b4
9.a5 Rb8 10.Na4 d6 11.Nb6 Bb7 12.Bd3 Ne5 13.f4 Nxd3+ 14.cxd3 Nc6 15.Nd4 e5
16.Nxc6 Bxc6 17.Rc1 Bb5 18.Nd5 Rc8 19.Bb6 Rxc1 20.Qxc1 Qd7 21.Nc7+ Ke7 22.Nxb5 Qxb5
23.Qc8 Qd7 24.Qxa6 exf4 25.O-O Kf6 26.Qa8 Kg6 27.Qd5 Be7 28.Rxf4 Bd8 29.Qf5+ Qxf5
30.exf5+ Kg5 31.Rxb4 Kxf5 32.a6  1-0

[Event "Century West Open"]
[Site "Los Angeles USA"]
[Date "2013.01.12"]
[Round "3"]
[White "Khachiyan,M"]
[Black "Peters,Ja"]
[Result "1/2-1/2"]
[WhiteElo "2501"]
[BlackElo "2350"]

1.e4 c5 2.Nc3 e6 3.Nf3 Nc6 4.d4 cxd4 5.Nxd4 d6 6.Be2 Nf6 7.O-O Be7 8.Be3 O-O
9.f4 a6 10.Qe1 Bd7 11.Qg3 b5 12.e5 dxe5 13.fxe5 Nxd4 14.Bxd4 Bc6 15.Rad1 Ne4
16.Nxe4 Bxe4 17.c3 Qc7 18.Qe3 Qc6 19.Bf3 Bxf3 20.Qxf3 Qxf3 21.gxf3 Rab8 22.Be3 Rfd8
23.Kf2 Kf8 24.Ke2 Ke8 25.f4 Rd7 26.Rd3  1/2-1/2

[Event "TCh-AUT 2 West 2012-13"]
[Site "Bregenz AUT"]
[Date "2013.01.13"]
[Round "8.4"]
[White "Stoeckl,N"]
[Black "Scharrer,P"]
[Result "1-0"]
[WhiteElo "2057"]
[BlackElo "2256"]

1.e4 c5 2.Nf3 e6 3.d4 cxd4 4.Nxd4 Nc6 5.Nc3 Qc7 6.Ndb5 Qb8 7.a4 Bb4 8.Qg4 Kf8
9.Bd2 Nf6 10.Qh4 Ne5 11.f4 Ng6 12.Qf2 a6 13.Qd4 Be7 14.Na3 Qc7 15.e5 Bc5
16.Qd3 Ng4 17.Ne4 Be7 18.Nc4 f5 19.Ned6 Qc5 20.Qf3 Nh4 21.Qe2 Ng6 22.g3 N6xe5
23.fxe5 Nxe5 24.b4 Qc7 25.Qxe5 Bf6 26.Qc5 Qxc5 27.bxc5 Bxa1 28.Nb6 Rb8 29.Ndxc8 Bd4
30.Bb4 Ke8 31.Bg2 a5 32.Ba3 Kd8 33.Nd6 Bc3+ 34.Ke2 Rf8 35.Kd3 Bb4 36.Bxb4 axb4
37.Kc4 f4 38.Rf1 g5 39.Bxb7 Kc7 40.Be4 h5 41.a5 fxg3 42.Rxf8 Rxf8 43.hxg3  1-0

[Event "Prague Open A 2013"]
[Site "Prague CZE"]
[Date "2013.01.13"]
[Round "6.4"]
[White "Rasik,V"]
[Black "Plischki,S"]
[Result "1/2-1/2"]
[WhiteElo "2516"]
[BlackElo "2367"]

1.e4 c5 2.Nf3 e6 3.d4 cxd4 4.Nxd4 Nc6 5.Nc3 Qc7 6.Be3 a6 7.Qd2 Nf6 8.O-O-O Nxd4
9.Qxd4 d6 10.f3 b5 11.g4 Bb7 12.g5 Nd7 13.h4 Rc8 14.a3 Ne5 15.f4 Nc4 16.Bxc4 Qxc4
17.Qxc4 Rxc4 18.Bd4 h6 19.b3  1/2-1/2

[Event "38th Seville Open"]
[Site "Seville ESP"]
[Date "2013.01.13"]
[Round "3.14"]
[White "Barrenechea Bahamonde,G"]
[Black "Bruno,Fabi"]
[Result "0-1"]
[WhiteElo "2211"]
[BlackElo "2434"]

1.e4 c5 2.Nf3 e6 3.d4 cxd4 4.Nxd4 Nc6 5.Nc3 Qc7 6.f4 d6 7.Ndb5 Qd8 8.a4 a6
9.Na3 Qc7 10.Bd3 Nf6 11.O-O Be7 12.Kh1 O-O 13.Qe2 Bd7 14.Nc4 d5 15.exd5 exd5
16.Ne5 Rfe8 17.Nxd5 Nxd5 18.Bxh7+ Kf8 19.Qh5 Be6 20.Nxc6 Nf6 21.Qh4 Qxc6
22.Rf3 Ng8 23.Qh5 Qd5 24.Qxd5 Bxd5  0-1

[Event "Paul Keres Mem FIDE 2013"]
[Site "Tallin EST"]
[Date "2013.01.14"]
[Round "3.3"]
[White "Vepkhvishvili,V"]
[Black "Haavamae,Henrik"]
[Result "1-0"]
[WhiteElo "2256"]
[BlackElo "1977"]

1.e4 c5 2.Nc3 Nc6 3.Nge2 e6 4.d4 cxd4 5.Nxd4 Nf6 6.a3 Be7 7.Be2 O-O 8.O-O a6
9.Be3 d6 10.Nb3 b5 11.f4 Bb7 12.Bf3 Qc7 13.Qe2 Nd7 14.Qf2 Rac8 15.Rad1 Rfd8
16.Kh1 Na5 17.Nxa5 Qxa5 18.f5 Ne5 19.Bb6  1-0

[Event "ch-BLR 2013"]
[Site "Minsk BLR"]
[Date "2013.01.15"]
[Round "4.6"]
[White "Grib,R"]
[Black "Lutsko,I"]
[Result "0-1"]
[WhiteElo "2358"]
[BlackElo "2371"]

1.e4 c5 2.Nf3 e6 3.d4 cxd4 4.Nxd4 Nc6 5.Nc3 a6 6.Be2 d6 7.O-O Bd7 8.Kh1 Nf6
9.f4 Be7 10.Be3 O-O 11.Qe1 b5 12.a3 Qc7 13.Qg3 Rad8 14.e5 Ne8 15.f5 dxe5
16.Nxc6 Bxc6 17.fxe6 f5 18.Qf2 Qd6 19.Bb6 Rb8 20.a4 Rxb6 21.axb5 axb5 22.Ra7 Rb7
23.Rxb7 Bxb7 24.Nxb5 Qxe6 25.b3 Kh8 26.c4 Qc6 27.Bf3 e4 28.Nd4 Qh6 29.Be2 Bd6
30.h3 e3  0-1

[Event "Prague Open A 2013"]
[Site "Prague CZE"]
[Date "2013.01.15"]
[Round "8.19"]
[White "Racz,Z"]
[Black "Doros,R"]
[Result "1/2-1/2"]
[WhiteElo "2238"]
[BlackElo "2304"]

1.e4 c5 2.Nf3 e6 3.d4 cxd4 4.Nxd4 Nc6 5.Nc3 Qc7 6.Be3 a6 7.Qd2 Nf6 8.f4 Bb4
9.Bd3 d5 10.e5 Ne4 11.Bxe4 dxe4 12.a3 Bxc3 13.Qxc3 Bd7 14.Nxc6 Qxc6 15.Qxc6 Bxc6
16.O-O-O Bd5 17.f5 O-O-O 18.fxe6 Bxe6 19.Rxd8+ Rxd8 20.Rd1 Rxd1+  1/2-1/2

[Event "Dvorkovich Mem 2013"]
[Site "Taganrog RUS"]
[Date "2013.01.16"]
[Round "2.4"]
[White "Timofeev,Arty"]
[Black "Tunik,G"]
[Result "1/2-1/2"]
[WhiteElo "2616"]
[BlackElo "2437"]

1.e4 c5 2.Nf3 e6 3.d4 cxd4 4.Nxd4 Nc6 5.Nc3 a6 6.Nxc6 bxc6 7.Bd3 d5 8.O-O Nf6
9.Re1 Be7 10.Bf4 Bb7 11.Qf3 Nd7 12.Na4 O-O 13.Rad1 Re8 14.c4 Bb4 15.Re2 e5
16.Bd2 Bxd2 17.Rexd2 d4 18.c5 a5 19.Qe2 Qe7 20.Rc2 Ra7 21.Bc4 Nf8 22.g3 Bc8
23.b3 g6 24.Nb2 Kg7 25.Nd3 h5 26.Re1 Qg5 27.Kh1 Rae7 28.f3 h4 29.f4 exf4
30.gxf4 Qg4 31.Qxg4 Bxg4 32.Ne5 Bh5 33.Kg1 Rxe5 34.fxe5 Rxe5 35.Rd2 Nd7 36.Rxd4 Nxc5
37.Rf1 Nxe4 38.Rxf7+ Kh6 39.Rf4 Ng5 40.Kg2 h3+ 41.Kf2 Re7 42.Bf1 c5 43.Rc4 Kg7
44.Rxc5 Ne4+ 45.Rxe4 Rxe4 46.Rxa5 Rf4+ 47.Ke1 Re4+ 48.Kd2 Rf4 49.Bxh3 Rf2+
50.Kc1 Rxh2 51.Bc8 Kf6 52.a4 g5 53.Rf5+ Kg6 54.Rf8 Kg7 55.Rf1 Bf7 56.Rf3 Rg2
57.Bb7 Ra2 58.Kb1 Bxb3 59.Rxb3 Rxa4 60.Kc2 Kg6 61.Kd2 Kh5 62.Ke3 Kh4 63.Bc6 Ra7
64.Bd5 Ra1 65.Bf3 g4 66.Be2 Ra7 67.Rb4 Rg7 68.Kf2 Kh3 69.Kg1 Kg3 70.Rb3+ Kh4
71.Re3 Rg5 72.Kg2 Rg7 73.Re8 Rg5 74.Re7 Rh5 75.Bd1 Rd5 76.Be2 Rh5 77.Re4 Rg5
78.Ra4 Rg7 79.Ra1 Re7 80.Rh1+ Kg5 81.Kf2 Re6 82.Rg1 Re4 83.Bd1 Rd4 84.Rh1 Rd6
85.Be2 Re6 86.Rh8 g3+ 87.Kxg3 Rxe2  1/2-1/2

[Event "PSC Cup 2013"]
[Site "Manila PHI"]
[Date "2013.01.17"]
[Round "6.17"]
[White "Dela Cruz,N"]
[Black "Pimentel,J"]
[Result "1/2-1/2"]
[WhiteElo "2371"]
[BlackElo "2174"]

1.e4 c5 2.Nf3 Nc6 3.d4 cxd4 4.Nxd4 e6 5.Nc3 Qc7 6.Be3 a6 7.Qd2 Nf6 8.O-O-O Be7
9.f3 b5 10.g4 Bb7 11.Kb1 Ne5 12.g5 Nh5 13.Bd3 Rc8 14.Nce2 d5 15.exd5 Bxd5
16.Rhf1 Nc4 17.Bxc4 Bxc4 18.b3 Bd5 19.Nf4 Nxf4 20.Bxf4 Qc3 21.Qxc3 Rxc3 22.Be5 Rc5
23.Bxg7 Rg8 24.Bh6 Bd6 25.f4 Kd7 26.h4 a5 27.Rd2 b4 28.Ne2 a4 29.bxa4 Ra5
30.f5 Rxa4 31.fxe6+ fxe6 32.Rf7+ Ke8 33.Rxd5 exd5 34.Rxh7 b3 35.cxb3 Rxh4
36.Nc3 Rxg5 37.Bxg5 Rxh7 38.Nxd5 Rh1+ 39.Kc2  1/2-1/2

[Event "Dvorkovich Mem 2013"]
[Site "Taganrog RUS"]
[Date "2013.01.17"]
[Round "3.11"]
[White "Kotenko,P"]
[Black "Maletin,P"]
[Result "0-1"]
[WhiteElo "2407"]
[BlackElo "2572"]

1.e4 c5 2.Nf3 e6 3.d4 cxd4 4.Nxd4 Nc6 5.Nc3 Qc7 6.g3 a6 7.Bg2 Nf6 8.O-O d6
9.Re1 Nd7 10.Nxc6 bxc6 11.Na4 Rb8 12.b3 Be7 13.Bb2 O-O 14.c4 c5 15.Qd2 Ne5
16.Nc3 Nc6 17.Ne2 a5 18.Rab1 a4 19.Bc3 axb3 20.axb3 Bd7 21.h4 Rb6 22.Rb2 Rfb8
23.Reb1 e5 24.Ba5 Nxa5 25.Qxa5 Qb7 26.Qd2 Be6 27.Nc3 Bxc4 28.Nd5 Bxd5 29.Qxd5 Qxd5
30.exd5 f5 31.Bf1 Bf6 32.Bc4 Ra8 33.Rc2 e4 34.Kg2 Kf7 35.Re1 h5 36.f3 exf3+
37.Kxf3 Be5 38.Ree2 Rb7 39.Ra2 Rba7 40.Rxa7+ Rxa7 41.Kg2 Kf6 42.Re1 Ra2+
43.Re2 Ra1 44.Rf2 g6 45.Re2 Rd1 46.Re3 Rc1 47.Kf3 Rc2 48.Bf1 Kf7 49.Rd3 Bd4
50.Be2 Rb2  0-1

[Event "Frau Bundesliga Div1 2012-13"]
[Site "Germany GER"]
[Date "2013.01.19"]
[Round "6.4"]
[White "Hoolt,S"]
[Black "Melamed,T"]
[Result "1-0"]
[WhiteElo "2308"]
[BlackElo "2368"]

1.e4 c5 2.Nf3 e6 3.d4 cxd4 4.Nxd4 Nc6 5.Nc3 Qc7 6.Be2 a6 7.O-O Nf6 8.Be3 Bb4
9.Na4 O-O 10.Nxc6 bxc6 11.f4 Rb8 12.Bd3 d5 13.e5 Ne4 14.c4 Be7 15.Qc2 Qa5
16.Bxe4 dxe4 17.c5 Rd8 18.a3 Rd3 19.b4 Qb5 20.Rfe1 a5 21.Nb2 Rd8 22.Nc4 axb4
23.axb4 Ba6 24.Nd6 Qxb4 25.Reb1 Bd3 26.Rxb4 Bxc2 27.Rb6 f6 28.Ra7 Bf8 29.Rxc6 fxe5
30.fxe5 Rb1+ 31.Kf2 Rb2 32.Rb6 Bb3+ 33.Kg3 g6 34.Rab7 Bg7 35.Rxb3 Bxe5+ 36.Kh3 Rxb3
37.Rxb3 Bxd6 38.cxd6 Rxd6 39.Kg4  1-0

[Event "TCh-SVK Extraliga 2012-13"]
[Site "Slovakia SVK"]
[Date "2013.01.19"]
[Round "5.1"]
[White "Harvan,R"]
[Black "Lisko,F"]
[Result "0-1"]
[WhiteElo "2027"]
[BlackElo "2253"]

1.e4 c5 2.Nf3 e6 3.d4 cxd4 4.Nxd4 Nc6 5.Nc3 a6 6.Be3 Nf6 7.Bd3 Qc7 8.Qe2 b5
9.Nb3 Ne5 10.h3 Bb7 11.O-O Nc4 12.Bxc4 bxc4 13.Nd2 Rc8 14.Rfd1 Bb4 15.Bg5 O-O
16.e5 Bxc3 17.Bxf6 gxf6 18.bxc3 Qxe5 19.Qxe5 fxe5 20.Rab1 Bd5 21.Rb6 a5 22.Nf1 Bc6
23.Ne3 d5 24.Ra6 a4 25.Ng4 e4 26.Rb1 Rc7 27.Rbb6 Rfc8 28.Kf1 Kg7 29.Ke2 h5
30.Ne3 f5 31.g3 Kf6 32.h4 Ke7 33.Kd2 Bd7 34.Rb4 Rf8 35.Ng2 e5 36.Rh6 f4 37.gxf4 exf4
38.Rxh5 Kd6 39.Rb6+ Kc5 40.Rb4 Bc6 41.Rg5 Rcf7 42.Ke1 Rf5 43.Rxf5 Rxf5 44.Rb8 f3
45.Ne3 Rh5 46.Kd2 Rxh4 47.Nf5 Rh1 48.Nd4 Bd7 49.Rb7 Kd6 50.Rb6+ Kc7 51.Ra6 Ra1
52.Ra7+ Kd6 53.Ra6+ Ke5 54.Ra7 Bg4 55.Rxa4 Kf4 56.Ra8 e3+ 57.fxe3+ Kg3 58.Rg8 f2
59.Nf5+ Kh3 60.Rh8+ Kg2  0-1

[Event "Dvorkovich Mem 2013"]
[Site "Taganrog RUS"]
[Date "2013.01.19"]
[Round "5.10"]
[White "Lugovskoy,M"]
[Black "Maletin,P"]
[Result "1/2-1/2"]
[WhiteElo "2366"]
[BlackElo "2572"]

1.e4 c5 2.Nf3 e6 3.d4 cxd4 4.Nxd4 Nc6 5.Nc3 Qc7 6.g3 a6 7.Bg2 d6 8.O-O Bd7
9.Re1 Be7 10.Nxc6 Bxc6 11.Ne2 Nf6 12.Nd4 O-O 13.b3 Rfd8 14.c4 Be8 15.Bb2 Rac8
16.Qe2 Nd7 17.Nf3 Nc5 18.Rac1 Qb8 19.Nd4 Bf6 20.Red1 b5 21.cxb5 axb5 22.Qg4 Kh8
23.Qf3 Qb6 24.Qe2 Rc7 25.Rc2 Rdc8 26.Nf3 Nxe4 27.Rxc7 Qxc7 28.Qxe4 Bxb2 29.Ng5 Qc2
30.Qxc2 Rxc2 31.Rxd6 Rc1+ 32.Bf1 Kg8 33.Rd2 Bf6 34.Ne4 Be7 35.f3 Bc6 36.Kf2 g5
37.Nd6 b4 38.Be2 h5 39.h3 Bd5 40.Nc4 Bc5+ 41.Kg2 g4 42.hxg4 hxg4 43.Ne5 f5
44.Kh2 Be3 45.Rd3 Ba7 46.Bd1 Rc7 47.Nc4 Kf8 48.a3 bxa3 49.Nxa3 Bb8 50.fxg4 Rh7+
51.Kg1 Ba7+ 52.Kf1 Rh1+ 53.Ke2 fxg4 54.Kd2 Rh2+ 55.Kc3 Bb8 56.Nc4 Rg2 57.Bxg4 Bxg3
58.Bf3 Be1+ 59.Kd4 Bf2+ 60.Kc3 Be1+  1/2-1/2

[Event "Dvorkovich Mem 2013"]
[Site "Taganrog RUS"]
[Date "2013.01.19"]
[Round "5.9"]
[White "Kurayan,R"]
[Black "Timofeev,Arty"]
[Result "1/2-1/2"]
[WhiteElo "2388"]
[BlackElo "2616"]

1.e4 c5 2.Nf3 e6 3.d4 cxd4 4.Nxd4 Nc6 5.Nc3 Qc7 6.Be3 Nf6 7.Qd2 Nxd4 8.Bxd4 e5
9.Be3 Bb4 10.f3 d6 11.O-O-O Be6 12.Bb5+ Ke7 13.a3 Bxc3 14.Qxc3 Qxc3 15.bxc3 Rhc8
16.Kb2 Rc7 17.Rd3 Bc4 18.Bxc4 Rxc4 19.Bg5 Rd8 20.Rhd1 Rc6 21.f4 h6 22.Bh4 Rdc8
23.fxe5 Rb6+ 24.Kc1 dxe5 25.Bxf6+ Kxf6 26.Rg3 g6 27.Rf3+ Ke7 28.Rdf1 Rf8
29.g4 Ra6 30.Kb2 Ra4 31.Re1 g5 32.Rd3 Rd8 33.Red1 Rb8 34.Rd7+ Ke8 35.Rc7 Rxe4
36.Rdd7 Rf4 37.Re7+ Kf8 38.Rxe5 Re8 39.Rxe8+ Kxe8 40.h3 Rf3 41.Rxb7 Rxh3
42.Rxa7 Rh4 43.a4 Rxg4 44.a5 h5 45.Kb3 Rg1 46.Kb2 Rd1 47.a6 Rd6 48.Ra8+ Ke7
49.a7 Rb6+ 50.Ka3 Ra6+ 51.Kb4 g4 52.Kb5 Ra1 53.Kb6 h4 54.c4 h3 55.Rh8 Kd7
56.c5 Rb1+ 57.Ka6 Ra1+ 58.Kb6 Rb1+ 59.Ka6 Ra1+  1/2-1/2

[Event "5th Chennai Open 2013"]
[Site "Chennai IND"]
[Date "2013.01.20"]
[Round "8"]
[White "Ramaswamy,A"]
[Black "Navin,K"]
[Result "1/2-1/2"]
[WhiteElo "2105"]
[BlackElo "2402"]

1.e4 c5 2.Nf3 e6 3.d4 cxd4 4.Nxd4 Nc6 5.Nc3 a6 6.Nxc6 bxc6 7.Bd3 d5 8.O-O Nf6
9.Qe2 Be7 10.b3 O-O 11.Bb2 Re8 12.f4 c5 13.e5 c4 14.Bxc4 dxc4 15.exf6 Bxf6
16.Kh1 Bb7 17.Na4 cxb3 18.axb3 Bxb2 19.Nxb2 Qc7 20.Nc4 Red8 21.Na5 Bc8 22.Rfd1 Rxd1+
23.Rxd1 Bd7 24.Qd2 Be8 25.c4 f6 26.b4 Rb8 27.Qd6 Qxd6 28.Rxd6 Rxb4 29.Kg1 Ra4
30.Rxa6 Kf7 31.Ra7+ Kg6 32.Re7 Rxa5 33.Rxe8 Kf5 34.Kf2 Ra2+ 35.Kf3 h5 36.c5 Rc2
37.Rc8 Rc3+ 38.Ke2 Kxf4 39.Kd2 Ra3 40.c6 Ra7 41.Kd3 Ke5 42.Kc4 Ra2 43.Rd8 Rc2+
44.Kb5 Rb2+ 45.Ka4 Rc2 46.Kb5 Rb2+ 47.Ka4 Rc2  1/2-1/2

[Event "Kislovodsk Open 2013"]
[Site "Kislovodsk RUS"]
[Date "2013.01.20"]
[Round "6"]
[White "Khadaev,Shadid"]
[Black "Shandrygin,Nikita"]
[Result "1-0"]
[WhiteElo "1667"]
[BlackElo "2011"]

1.e4 c5 2.Nc3 Nc6 3.Nf3 e6 4.d4 cxd4 5.Nxd4 Nf6 6.Bg5 Bb4 7.Nxc6 bxc6 8.a3 Bxc3+
9.bxc3 Qa5 10.Bxf6 gxf6 11.Qf3 Qe5 12.Be2 Ke7 13.O-O d6 14.Qd3 a5 15.f4 Qc5+
16.Qd4 Qa7 17.Rab1 c5 18.Qe3 Qc7 19.a4 Bd7 20.Bb5 Rhb8 21.c4 Bc8 22.f5 e5
23.g4 Bb7 24.Rf3 Rg8 25.Rg3 Rg7 26.Kf2 Rag8 27.Rbg1 Kd8 28.h4 Qe7 29.Qd2 Qc7
30.Kf3 Ba8 31.Rd1 Ke7 32.g5 fxg5 33.hxg5 f6  1-0

[Event "Marianske Lazne Open 2013"]
[Site "Marianske Lazne CZE"]
[Date "2013.01.20"]
[Round "2.4"]
[White "Vlasak,Lu"]
[Black "Ivanovic,Mir"]
[Result "1-0"]
[WhiteElo "2326"]
[BlackElo "2088"]

1.e4 c5 2.Nf3 e6 3.d4 cxd4 4.Nxd4 Nc6 5.Nc3 Qc7 6.Be2 a6 7.O-O Nf6 8.Kh1 Be7
9.f4 d6 10.Be3 O-O 11.a4 Bd7 12.Nb3 b6 13.Bf3 Rab8 14.g4 Bc8 15.g5 Nd7 16.Bg2 Re8
17.Qh5 g6 18.Qh6 Bf8 19.Qh4 Nb4 20.Rac1 Bb7 21.Rf3 Bg7 22.Nd4 f5 23.gxf6 Nxf6
24.Rf2 Re7 25.Rd1 d5 26.f5 gxf5 27.exf5 e5 28.Ne6 Qd6 29.Bg5 Rf7 30.Nxg7 Kxg7
31.Bxf6+ Rxf6 32.Ne4 dxe4 33.Rxd6 Rxd6 34.Qe7+  1-0

[Event "TCh-SVK Extraliga 2012-13"]
[Site "Slovakia SVK"]
[Date "2013.01.20"]
[Round "6.1"]
[White "Tauber,Mar"]
[Black "Lisko,F"]
[Result "1-0"]
[WhiteElo "2185"]
[BlackElo "2253"]

1.e4 c5 2.Nf3 e6 3.d4 cxd4 4.Nxd4 Nc6 5.Nc3 a6 6.g3 Qc7 7.Bg2 Nf6 8.O-O d6
9.Re1 Rb8 10.a4 Be7 11.h3 O-O 12.b3 Bd7 13.Bb2 Ne5 14.Qd2 b5 15.axb5 axb5
16.Ra2 b4 17.Nce2 d5 18.exd5 Nxd5 19.Nf4 Nc3 20.Raa1 Rfd8 21.Nfe2 Rbc8 22.Qe3 Ng6
23.Nxc3 bxc3 24.Ba3 Bf6 25.Bb4 Qb6 26.Ba5 Qxd4 27.Bxd8 Qxe3 28.Rxe3 Rxd8
29.Rd3 Kf8 30.Ra7 Ke8 31.b4 Bb5 32.Rxd8+ Bxd8 33.Rb7 Ba4 34.b5 Ne5 35.f4 Nc4
36.Be4 Na5 37.Rb8 Kd7 38.Bd3 Bc7 39.Ra8 Kd6 40.Kf1 Kc5 41.Ra7 Kd6 42.Ra6+ Kc5
43.Ra7 Bb6 44.Rxf7 Nc4 45.Ke2 Na3 46.Kd1 Nxb5 47.Rxg7 Nd4 48.Rxh7 Bc6 49.g4 Bf3+
50.Ke1 Kd5 51.g5 e5 52.fxe5 Kxe5 53.Re7+ Kf4 54.g6 Bd5 55.g7 Nf3+ 56.Kd1 Bd4
57.Bh7 Bf6  1-0

[Event "Dvorkovich Mem 2013"]
[Site "Taganrog RUS"]
[Date "2013.01.20"]
[Round "6.6"]
[White "Popov,Iv RUS"]
[Black "Tunik,G"]
[Result "1-0"]
[WhiteElo "2623"]
[BlackElo "2437"]

1.e4 c5 2.Nf3 e6 3.d4 cxd4 4.Nxd4 Nc6 5.Nc3 a6 6.Be2 Qc7 7.O-O Nf6 8.Be3 Be7
9.f4 d6 10.a4 O-O 11.Kh1 Re8 12.Bf3 Rb8 13.g4 Nxd4 14.Bxd4 e5 15.fxe5 dxe5
16.Ba7 Ra8 17.g5 Rd8 18.Qe2 Ne8 19.Be3 Be6 20.Bg4 Qc6 21.Bxe6 fxe6 22.Qg4 g6
23.Qg3 Nd6 24.Nd5 exd5 25.Qxe5 Nc4 26.Qxe7 Rd7 27.Qc5 Qxc5 28.Bxc5 Rc8 29.b4 dxe4
30.Rf4 Re8 31.a5 Rd5 32.Re1 Nxa5 33.Rfxe4 Rxe4 34.Rxe4 Nc6 35.Re8+ Kf7 36.Rh8 Kg7
37.Rc8 Rd7 38.Kg2 Ne7 39.Re8 Nf5 40.Kf3 h6 41.gxh6+ Kxh6 42.Kf4 Rd2 43.Rb8 Rxc2
44.Rxb7 Kh5 45.Rh7+ Nh6 46.Kf3 g5 47.Bf8 Rc6 48.Ke4 g4 49.Kd5  1-0

[Event "Dvorkovich Mem 2013"]
[Site "Taganrog RUS"]
[Date "2013.01.21"]
[Round "7.8"]
[White "Stukopin,A"]
[Black "Maletin,P"]
[Result "0-1"]
[WhiteElo "2492"]
[BlackElo "2572"]

1.e4 c5 2.Nf3 e6 3.d4 cxd4 4.Nxd4 Nc6 5.Nc3 Qc7 6.Be3 a6 7.Be2 Nf6 8.O-O Be7
9.f4 d6 10.Kh1 O-O 11.Qe1 Nxd4 12.Bxd4 b5 13.a3 Bb7 14.Qg3 Rad8 15.Rae1 Rd7
16.Bd3 Re8 17.a4 bxa4 18.Nxa4 g6 19.Nb6 Rdd8 20.f5 e5 21.Bg1 Kg7 22.c4 a5
23.Qf3 Rb8 24.Be3 Bc6 25.Nd5 Bxd5 26.exd5 Rb3 27.Qh3 h5 28.fxg6 Rxd3 29.gxf7 Rf8
30.Qe6 Rxf7 31.Bh6+ Kg6 32.Qf5+ Kxh6 33.Qxd3 Qc8 34.b3 Bd8 35.Rf5 Rg7 36.Ref1 Rg6
37.Qh3 Qc5 38.g4 Qd4 39.g5+ Rxg5 40.Rxf6+ Bxf6 41.Rxf6+ Kg7 42.Rf1 Qe4+ 43.Qf3 Qxf3+
44.Rxf3 h4 45.Rc3 e4 46.Re3 Re5 47.Kg2 Kf6 48.Re2 Re8 49.Ra2 Ke5 50.Rxa5 Kd4
51.Ra1 Kc3 52.Kf2 Kd2 53.Ra2+ Kd3 54.b4 Rf8+ 55.Ke1 Kxc4 56.Rd2 e3 57.Rg2 h3
58.Rb2 Rg8 59.Kf1 Rg2  0-1

[Event "Dvorkovich Mem 2013"]
[Site "Taganrog RUS"]
[Date "2013.01.21"]
[Round "7.6"]
[White "Lugovskoy,M"]
[Black "Timofeev,Arty"]
[Result "0-1"]
[WhiteElo "2366"]
[BlackElo "2616"]

1.e4 c5 2.Nf3 Nc6 3.d4 cxd4 4.Nxd4 e6 5.Nc3 Qc7 6.g3 a6 7.Bg2 d6 8.O-O Bd7
9.Re1 Be7 10.Nxc6 Bxc6 11.Ne2 Nf6 12.Nd4 O-O 13.Nxc6 bxc6 14.Bf4 Rfd8 15.Qe2 Qb6
16.c4 Nd7 17.Rad1 Nc5 18.Be3 a5 19.Bd4 e5 20.Bxc5 Qxc5 21.b3 a4 22.Rb1 Rdb8
23.bxa4 Rb4 24.Rxb4 Qxb4 25.Bf1 Bd8 26.Rd1 Bb6 27.Qc2 Bc5 28.Rb1 Qa5 29.Rb7 g6
30.Qb3 Qxa4 31.Rb8+ Kg7 32.Rxa8 Qxa8 33.Kg2 h5 34.h4 Qa5 35.Qc2 Qe1 36.Bd3 Qa1
37.Qe2 Qd4 38.Qe3 Qa1 39.Qe2 Kf8 40.Qd2 Qd4 41.Qe2 Ke7 42.Qc2 Kd7 43.Qe2 Qa1
44.Qc2 Kc7 45.Qb1 Qd4 46.Qc2 Kb6 47.Qe2 Ka5 48.Qd2+ Bb4 49.Qe2 Kb6 50.Qf3 Bc5
51.Qe2 Qa1 52.Qc2 Ka5 53.Qd2+ Kb6 54.Qc2 Kc7 55.Qe2 Kd8 56.Qd2 Ke7 57.Qe2 Qd4
58.Qc2 Kf8 59.Qe2 Kg7 60.Qc2 d5 61.cxd5 cxd5 62.exd5 Qxd5+ 63.Be4 Qd4 64.Bd3 f5
65.Bf1 e4 66.Qe2 Kh7 67.Qe1 Qd5 68.Kh1 e3+ 69.Kh2 exf2 70.Qe8 f4 71.gxf4 Qf5
72.Qe5 Qg4 73.Qe2 Qxh4+ 74.Kg2 Qxf4 75.Qf3 Qg5+ 76.Qg3 Qd5+ 77.Qf3 Qe5 78.a4 Qg5+
79.Qg3 Qxg3+ 80.Kxg3 Kg7 81.Be2 g5 82.a5 Kf6 83.a6 Kf5 84.Bd3+ Ke5 85.Be2 Ke4
86.Kg2 g4 87.Bf1 Kf4 88.Kh2 Ke3  0-1

[Event "11th Gibraltar Masters"]
[Site "Caleta ENG"]
[Date "2013.01.22"]
[Round "1.116"]
[White "Kazmierczak,Ewa"]
[Black "Hommerson,P"]
[Result "0-1"]
[WhiteElo "1512"]
[BlackElo "2237"]

1.e4 c5 2.Nf3 e6 3.d4 cxd4 4.Nxd4 Nc6 5.Nc3 Qc7 6.Be2 a6 7.Be3 Nf6 8.O-O Bb4
9.f3 O-O 10.Nxc6 bxc6 11.Na4 Bd6 12.f4 Nxe4 13.Nb6 Rb8 14.Nxc8 Qxc8 15.Bf3 Bc5
16.Bxc5 Nxc5 17.Qd4 Nb7 18.Rad1 d5 19.Qc3 Nd6 20.b3 Qc7 21.Qd2 a5 22.c3 c5
23.g3 c4 24.Rb1 Rfc8 25.Rfc1 Nb5 26.bxc4 Qxc4 27.Be2 Qc5+ 28.Kg2 Nd6 29.Bd3 Rxb1
30.Bxb1 Nc4 31.Qd3 g6 32.Bc2 Nb2 33.Qe2 Qxc3 34.Kf1 Nd3  0-1